| 000 | 00662nam a2200193Ia 4500 | ||
|---|---|---|---|
| 008 | 151121s9999||||xx |||||||||||||| ||und|| | ||
| 082 | _a813/भट | ||
| 082 | _bHNW-69058 | ||
| 100 | _aभट राविंद्र | ||
| 245 | _aसागरा प्राण तळमळला | ||
| 260 | _b"इंद्रायर्णी प्रकाशन, पुणे।" | ||
| 260 | _c-- | ||
| 300 | _a364 | ||
| 600 | _aभट राविंद्र | ||
| 630 | _aसागरा प्राण तळमळला | ||
| 700 | _aभट राविंद्र | ||
| 730 | _aसागरा प्राण तळमळला | ||
| 942 | _cBOOK | ||
| 999 |
_c1250547 _d1250544 |
||